000 01077nam a2200277Ia 4500
003 OSt
005 20221005105203.0
006 a|||||r|||| 00| 0
007 ta
008 221004b |||||||| |||| 00| 0 hin d
020 _a9788179755792 (hbk)
_cIndian Rupees 800
024 _a68929
037 _bGift, 23/08/2021,
_cTextual
040 _aCRL
_cCRL
_bhin
041 _2hin
_ahin
082 _aO152,3N012:g, Q4
100 _aचव्हाण, गजानन, ले.
245 0 _aश्रीरामवृक्ष बेनीपुरी और उनका साहित्य
246 _aShrīrāmavṛukṣha benīpurī aur unakā sāhitya
260 _aनई दिल्ली
_bअनामिका पब्लिशर्स भारत
_c2014
300 _a428पृ0
_ccm.
650 _a हिन्दी साहित्य
650 _aहिन्दी कहानी
942 _hO152,3N012:g, Q4
_cTEXL
_2cc
999 _c1015046
_d1015046